| 000 | 00781nam a2200253Ia 4500 | ||
|---|---|---|---|
| 003 | OSt | ||
| 005 | 20221006151830.0 | ||
| 006 | a|||||r|||| 00| 0 | ||
| 007 | ta | ||
| 008 | 221006b |||||||| |||| 00| 0 eng d | ||
| 024 | _a23,576 | ||
| 037 | _cTextual | ||
| 040 |
_aEASL _cEASL _beng |
||
| 041 |
_2eng _aeng |
||
| 082 | _aO42p1.N84, M5 | ||
| 100 |
_aNATIONAL INSTITUTE OF JAPANESE LITERATURE Ed. _9660105 |
||
| 245 | 0 | _aProceeding of the 8th international conference on Japanese literature in Japan | |
| 260 |
_aTokyo _bNational Institute of Japanese Literature Japan _c1985 |
||
| 300 |
_a121p. _ccm. |
||
| 490 | _v JL | ||
| 650 | _aJL | ||
| 942 |
_hO42p1.N84, M5 _cTEXL _2CC |
||
| 999 |
_c1091662 _d1091662 |
||